000 00918pam a22003014a 4500
005 20260322212056.0
008 data
010 _a 2004041537
020 _a9780131780941 (pbk.)
020 _a0131780948 (pbk.)
040 _aDNLM
_cDNLM
041 0 9 _aeng
042 _apcc
044 _9United States
060 1 0 _aWY 105
_bS949ea 2005
100 1 _aSullivan, Eleanor J.,
_d1938-
245 1 0 _aEffective leadership & management in nursing /
_cEleanor J. Sullivan & Phillip J. Decker.
246 3 0 _aEffective leadership and management in nursing
250 _a6th ed.
260 _aUpper Saddle River, N.J. :
_bPearson/Prentice Hall,
_cc2005.
300 _axx, 344 p. :
_bill.
504 _aIncludes bibliographical references and index.
650 1 2 _aNurse Administrators
650 2 2 _aNursing Care
_xorganization & administration
650 2 2 _aLeadership
700 1 _aDecker, Phillip J.
001 data
999 _c1337
_d1337